<?xml version="1.0" encoding="UTF-8"?>
<resp>
  <nextPage>https://data.bn.org.pl/api/networks/bibs.marcxml?marc=001+b00001150002537&amp;sinceId=1150002538</nextPage>
  <collection>
    <record xmlns='http://www.loc.gov/MARC21/slim'><leader>01262namZa2200373ZiZ4500</leader><controlfield tag='001'>b00001150002537</controlfield><controlfield tag='005'>20260416110617.1</controlfield><controlfield tag='008'>230609s        pl           |000 0 pol c</controlfield><controlfield tag='009'>9913261331405606</controlfield><datafield ind1=' ' ind2=' ' tag='035'><subfield code='a'>KR_1KR_1_20120317225853000651-48omnis_kr</subfield></datafield><datafield ind1=' ' ind2=' ' tag='035'><subfield code='a'>(PL)b00001150002537</subfield></datafield><datafield ind1=' ' ind2=' ' tag='040'><subfield code='a'>KR_1</subfield><subfield code='c'>KR_1</subfield></datafield><datafield ind1='0' ind2=' ' tag='041'><subfield code='a'>pol</subfield></datafield><datafield ind1='1' ind2=' ' tag='100'><subfield code='a'>Bazewicz, J.M.</subfield></datafield><datafield ind1='1' ind2='0' tag='245'><subfield code='a'>Powiat hrubieszowski Guberni Lubelskiej - mapa szczegółowa Królestwa Polskiego /</subfield><subfield code='c'>[red. J. M. Bazewicz].</subfield></datafield><datafield ind1=' ' ind2=' ' tag='260'><subfield code='a'>Lublin :</subfield><subfield code='b'>&quot;Dziennik Wschodni&quot;,</subfield><subfield code='c'>2007.</subfield></datafield><datafield ind1=' ' ind2=' ' tag='300'><subfield code='a'>[2] s. :</subfield><subfield code='b'>mapa ;</subfield><subfield code='c'>30 cm.</subfield></datafield><datafield ind1='1' ind2=' ' tag='490'><subfield code='a'>Mapy Powiatów Guberni Lubelskiej. Wyjątkowa kolekcja</subfield></datafield><datafield ind1=' ' ind2=' ' tag='500'><subfield code='a'>m</subfield></datafield><datafield ind1=' ' ind2=' ' tag='502'><subfield code='a'>Przedr. oryg.: Kraków : &quot;Dante&quot;, 2005.</subfield></datafield><datafield ind1=' ' ind2='7' tag='648'><subfield code='a'>1801-1900</subfield><subfield code='2'>DBN</subfield></datafield><datafield ind1=' ' ind2='7' tag='650'><subfield code='a'>Kartografia</subfield><subfield code='2'>DBN</subfield></datafield><datafield ind1=' ' ind2='7' tag='651'><subfield code='a'>Polska</subfield><subfield code='2'>DBN</subfield></datafield><datafield ind1=' ' ind2='9' tag='651'><subfield code='a'>Hrubieszów (woj. lubelskie ; okręg)</subfield><subfield code='x'>mapy</subfield><subfield code='x'>historia</subfield><subfield code='y'>19 w.</subfield></datafield><datafield ind1=' ' ind2=' ' tag='658'><subfield code='a'>Geografia i nauki o Ziemi</subfield></datafield><datafield ind1=' ' ind2=' ' tag='658'><subfield code='a'>Historia</subfield></datafield><datafield ind1=' ' ind2=' ' tag='852'><subfield code='b'>48OMNIS_NETWORK</subfield><subfield code='8'>9913261331405606</subfield></datafield><datafield ind1=' ' ind2=' ' tag='852'><subfield code='b'>48OMNIS_KR</subfield><subfield code='8'>991000025369708216</subfield></datafield></record>
  </collection>
</resp>
